The new groundwork of British History : (Record no. 25438)

MARC details
000 -LEADER
fixed length control field 00518nam a22001697a 4500
003 - CONTROL NUMBER IDENTIFIER
control field BDDh-ASL
005 - DATE AND TIME OF LATEST TRANSACTION
control field 20231015030504.0
008 - FIXED-LENGTH DATA ELEMENTS--GENERAL INFORMATION
fixed length control field 210716s1943 e ||||| |||| 00| 0 eng d
040 ## - CATALOGING SOURCE
Original cataloging agency BDDh-ASL
Transcribing agency BDDh-ASL
082 ## - DEWEY DECIMAL CLASSIFICATION NUMBER
Classification number 941
Item number WAN
100 1# - MAIN ENTRY--PERSONAL NAME
9 (RLIN) 4196
Personal name Warner, George Townsend
245 14 - TITLE STATEMENT
Title The new groundwork of British History :
Remainder of title The new "Warner and Marten" /
260 ## - PUBLICATION, DISTRIBUTION, ETC.
Place of publication, distribution, etc. London:
Name of publisher, distributor, etc. Blackie and Son Limited,
Date of publication, distribution, etc. 1943.
300 ## - PHYSICAL DESCRIPTION
Extent 410 p. :
Dimensions 21 cm.
651 #0 - SUBJECT ADDED ENTRY--GEOGRAPHIC NAME
9 (RLIN) 4197
Geographic name Great Britain
General subdivision History
942 ## - ADDED ENTRY ELEMENTS (KOHA)
Source of classification or shelving scheme Dewey Decimal Classification
Koha item type Books
Holdings
Withdrawn status Lost status Source of classification or shelving scheme Damaged status Not for loan Collection code Home library Current library Shelving location Date acquired Source of acquisition Total Checkouts Full call number Barcode Date last seen Copy number Price effective from Koha item type Public note
    Dewey Decimal Classification     Non-fiction Asiatic Society Library Asiatic Society Library Sirajul Islam Collection 07/16/2021 Donated by Professor Sirajul Islam, FRHS   941 WAN 110220 07/16/2021 C-1 07/16/2021 Books Rare

Powered by Koha